Statistics for The Lord of the Rings: The Return of the King Characters Quiz

Click here to take the quiz!

General Stats

  • This quiz has been taken 108 times
  • The average score is 22 of 24

Answer Stats

Actor/ActressDescriptionCharacter% Correct
Elijah WoodA young hobbit who continues his quest to destroy the One RingFrodo Baggins
100%
Ian McKellenAn Istari wizard who travels to aid the Men of Gondor, acting as a general at the Siege of GondorGandalf the White
99%
John Rhys-DaviesA dwarf warrior and companion to Aragorn along with LegolasGimli
99%
Sean AstinFrodo's loyal hobbit gardener and companionSam Gamgee
99%
Sala BakerThe Dark Lord of Mordor and the Ring's true master, who is waging war across Middle-Earth once moreSauron
99%
John Rhys-DaviesThe ent leaderTreebeard
99%
Ian HolmFrodo's elderly uncle, who has rapidly aged after giving away the RingBilbo Baggins
98%
Cate BlanchettThe Elven-Queen of Lothlórien who is aware the time of the elves is at an endGaladriel
98%
Andy SerkisA wretched and treacherous hobbit-like creature who kept the Ring for centuries and now guides Frodo and Sam into MordorGollum / Smeagol
98%
Orlando BloomAn elven prince of Mirkwood and skilled archer who aids Aragorn in his quest to reclaim the throneLegolas
98%
Billy BoydA hobbit who came along with his cousin Frodo and is now caught in the warsPippin Took
98%
Bernard HillThe King of Rohan who, after triumphing at Helm's Deep, is preparing his troops for the Battle of the Pelennor FieldsTheoden
98%
Viggo MortensenA Dúnedain ranger with claims to the throne of GondorAragorn
97%
Liv TylerElrond's daughter and Aragorn's true loveArwen
97%
Hugo WeavingThe Elven-King of Rivendell and father of ArwenElrond
97%
Miranda OttoThéoden's niece, who wishes to prove herself in battle and starts to fall in love with AragornEowyn
97%
David WenhamA prince of the Stewards of Gondor and Captain of the Rangers defending Osgiliath, who seeks his father's love in vainFaramir
94%
Karl UrbanÉowyn's brother, who serves as Chief Marshal of the Riders of Rohan and heir to his uncle's throneEomer
91%
Thomas RobinsSméagol's cousinDeagol
90%
John NobleThe Steward of Gondor and father of Faramir and Boromir, whose grief over Boromir's death and despair over Mordor's superior numbers drive him into madness during the Siege of GondorDenethor
89%
Lawrence MakoareThe lord of the Nazgûl, who leads Mordor's assault on Minas TirithThe Witch-King of Angmar
86%
Marton CsokasThe Elven-King of LothlórienCeleborn
82%
Lawrence MakoareAn Orc commanderGothmog
48%
Dominic MonaghanAnother cousin of Frodo's who becomes an esquire of RohanMerry Brandybuck
48%

Score Distribution

Percentile by Number Answered

Percent of People with Each Score

Your Score History

You have not taken this quiz